The principles of state and government in islam / (Record no. 332243)

000 -LEADER
fixed length control field 01092 a2200181 4500
003 - CONTROL NUMBER IDENTIFIER
control field NUST
005 - DATE AND TIME OF LATEST TRANSACTION
control field 20171121123319.0
008 - FIXED-LENGTH DATA ELEMENTS--GENERAL INFORMATION
fixed length control field 171121b xxu||||| |||| 00| 0 eng d
020 ## - INTERNATIONAL STANDARD BOOK NUMBER
International Standard Book Number 9839154095 (paperback)
020 ## - INTERNATIONAL STANDARD BOOK NUMBER
International Standard Book Number 9789839154092 (paperback)
040 ## - CATALOGING SOURCE
Transcribing agency 0
082 ## - DEWEY DECIMAL CLASSIFICATION NUMBER
Classification number 297.272 ASA
100 1# - MAIN ENTRY--PERSONAL NAME
Personal name Asad, Muhammad.
9 (RLIN) 1343
245 14 - TITLE STATEMENT
Title The principles of state and government in islam /
Statement of responsibility, etc. Muhammad Asad.
260 ## - PUBLICATION, DISTRIBUTION, ETC.
Place of publication, distribution, etc. [Kuala Lumpur] :
Name of publisher, distributor, etc. Islamic Book Trust,
Date of publication, distribution, etc. 1980.
300 ## - PHYSICAL DESCRIPTION
Extent 111p. ;
Dimensions 22 cm.
500 ## - GENERAL NOTE
General note P.B
520 ## - SUMMARY, ETC.
Summary, etc. The very fact that none of the existing Muslim countries has so far achieved a form of government that could be termed genuinely Islamic, makes a discussion of the principles that underlie the constitution of Islamic state imperative. This book is an attempt to keep that discussion alive.
856 40 - ELECTRONIC LOCATION AND ACCESS
Materials specified Amazon.com
Uniform Resource Identifier <a href="http://www.amazon.com/exec/obidos/ASIN/9839154095/chopaconline-20">http://www.amazon.com/exec/obidos/ASIN/9839154095/chopaconline-20</a>
942 ## - ADDED ENTRY ELEMENTS (KOHA)
Koha item type Book
Call number prefix IESE
Source of classification or shelving scheme
Holdings
Withdrawn status Lost status Source of classification or shelving scheme Damaged status Not for loan Collection code Permanent Location Current Location Shelving location Date acquired Total Checkouts Full call number Barcode Date last seen Date last checked out Price effective from Koha item type
            Institute of Environmental Science and Engineering (IESE) Institute of Environmental Science and Engineering (IESE) General Stacks 11/21/2017 1 297.272 ASA IESE-1424 06/18/2021 03/08/2021 11/21/2017 Book
© 2023 Central Library, National University of Sciences and Technology. All Rights Reserved.